[Event "POR-ch U16"]
[Site "Luso"]
[Date "2015.07.25"]
[Round "5"]
[White "Carvalho, Jose Diogo Cadete"]
[Black "Jorge, Rita Maria Osorio"]
[Result "0-1"]
[WhiteElo "1383"]
[BlackElo "1733"]
[PlyCount "62"]
[EventDate "2015.07.22"]
[EventType "swiss"]
[EventRounds "7"]
[EventCountry "POR"]
[SourceTitle "EXT 2018"]
[Source "ChessBase"]
[SourceDate "2017.10.13"]
[SourceVersion "1"]
[SourceVersionDate "2017.10.13"]
[SourceQuality "1"]

1. e4 c5 2. Nf3 g6 3. d4 cxd4 4. Qxd4 Nf6 5. e5 Nc6 6. Qd3 Ng4 7. Qc3 Bg7 8. Bf4 Qb6 9. Be3 Nxe3 10. fxe3 d6 11. Nbd2 Nxe5 12. Nxe5 Bxe5 13. Qb3 Qxb3 14. Nxb3 Bxb2 15. Bb5+ Bd7 16. Bxd7+ Kxd7 17. Rb1 Bc3+ 18. Ke2 Rac8 19. Kd3 e5 20. Nc1 Rc7 21. Ne2 Ba5 22. Rhf1 Ke6 23. e4 Rhc8 24. c4 Bb6 25. Rfc1 f5 26. Ng3 Bf2 27. exf5+ gxf5 28. Rf1 Bxg3 29. hxg3 b6 30. Rb4 Rg8 31. Rh1 Rxg3+ 0-1